[Event "HUN-chT2"]
[Site "Hungary"]
[Date "1997.??.??"]
[Round "6"]
[White "Cseh, J."]
[Black "Foldi, Istvan"]
[Result "0-1"]
[WhiteElo "2295"]
[BlackElo "2365"]
[PlyCount "98"]
[EventDate "1997.??.??"]
[EventType "team-swiss"]
[EventRounds "13"]
[EventCountry "HUN"]
[SourceTitle "EXT 2006"]
[Source "ChessBase"]
[SourceDate "2005.11.24"]
[SourceVersion "1"]
[SourceVersionDate "2005.11.24"]
[SourceQuality "1"]

1. e4 c5 2. Nf3 d6 3. d4 cxd4 4. Nxd4 Nf6 5. Nc3 a6 6. a4 e5 7. Nb3 Be7 8. Be2 0-0 9. 0-0 Be6 10. f4 exf4 11. Bxf4 Nc6 12. Kh1 Rc8 13. Bf3 Ne5 14. Rf2 Nc4 15. Qc1 Nd7 16. Nd4 Bf6 17. Nxe6 fxe6 18. Nd1 Nde5 19. Rb1 Ng6 20. Be3 Qa5 21. c3 Nxe3 22. Qxe3 Qxa4 23. e5 Nxe5 24. Bxb7 Rb8 25. Rf4 Qb5 26. Be4 Bg5 27. c4 Bxf4 28. cxb5 Bxe3 29. Nxe3 Rxb5 30. h3 d5 31. Bc2 Rfb8 32. b3 d4 33. Nf1 Rc8 34. Bd1 a5 35. Ra1 Rbc5 36. Ra4 Nc6 37. Bg4 Kf7 38. Ng3 Rc1+ 39. Kh2 Rb8 40. Ne4 Re1 41. Ng5+ Kf6 42. Nf3 Re3 43. Rc4 Ne5 44. Rxd4 Nxf3+ 45. gxf3 Rbxb3 46. Kg3 g6 47. Rf4+ Ke7 48. h4 h5 49. Bh3 e5 0-1

[Event "HUN-chT2"]
[Site "Hungary"]
[Date "1996.??.??"]
[Round "?"]
[White "Cseh, J."]
[Black "Balogh, Sandor"]
[Result "1-0"]
[WhiteElo "2295"]
[BlackElo "2325"]
[PlyCount "160"]
[EventDate "1996.??.??"]
[EventType "team"]
[EventRounds "13"]
[EventCountry "HUN"]
[SourceTitle "EXT 2006"]
[Source "ChessBase"]
[SourceDate "2005.11.24"]
[SourceVersion "1"]
[SourceVersionDate "2005.11.24"]
[SourceQuality "1"]

1. e4 c6 2. d4 d5 3. f3 g6 4. c3 Bg7 5. e5 Qb6 6. Bd3 e6 7. Ne2 c5 8. b3 cxd4 9. cxd4 Nc6 10. Nbc3 Nge7 11. Na4 Qa5+ 12. Bd2 Qd8 13. 0-0 b6 14. Rc1 a5 15. Bb5 Bd7 16. Bg5 Rc8 17. Qd2 h6 18. Bxe7 Kxe7 19. Nac3 Re8 20. Ba6 Rb8 21. Bd3 Kf8 22. Nf4 Qg5 23. Nce2 Rec8 24. h4 Qd8 25. h5 g5 26. Nh3 Nb4 27. Rxc8 Rxc8 28. Bb1 Bb5 29. Nf2 Nc6 30. Rd1 f6 31. Nc3 Ba6 32. f4 fxe5 33. fxe5 Rc7 34. Ng4 Rf7 35. Bd3 Bc8 36. Bb5 Ne7 37. Qe2 Nf5 38. Na4 Ng3 39. Qc2 Nxh5 40. Nxb6 Bb7 41. Na4 Rf4 42. Nxh6 Qe7 43. Qh7 Bxh6 44. Qxh6+ Ng7 45. g3 Rf3 46. Rd3 Rf5 47. Nc5 Kg8 48. Rc3 g4 49. Bd7 Qf7 50. Rc1 Ba6 51. Bxe6 Nxe6 52. Qxe6 Be2 53. Qxf7+ Kxf7 54. Nb7 Rf3 55. Rc7+ Kg6 56. e6 Re3 57. e7 Kf6 58. Nxa5 Rxe7 59. Rxe7 Kxe7 60. Nc6+ Ke6 61. Kf2 Bd3 62. Ke3 Bb1 63. a4 Bc2 64. a5 Kd6 65. Ne5 Bxb3 66. Nxg4 Kc6 67. Kf4 Kb5 68. Ke5 Kxa5 69. Nf6 Kb6 70. Nxd5+ Kc6 71. Nf6 Kc7 72. d5 Kd8 73. g4 Ke7 74. g5 Kf7 75. d6 Ba4 76. d7 Ke7 77. g6 Bb3 78. g7 Bf7 79. Kd4 Be6 80. Kc5 Kxf6 1-0

[Event "Budapest-ch rap"]
[Site "Budapest"]
[Date "1996.??.??"]
[Round "?"]
[White "Cseh, J."]
[Black "Szieberth, Adam"]
[Result "0-1"]
[WhiteElo "2295"]
[BlackElo "2325"]
[PlyCount "40"]
[EventDate "1996.??.??"]
[EventType "swiss"]
[EventRounds "7"]
[EventCountry "HUN"]
[SourceTitle "EXT 2006"]
[Source "ChessBase"]
[SourceDate "2005.11.24"]
[SourceVersion "1"]
[SourceVersionDate "2005.11.24"]
[SourceQuality "1"]

1. e4 c5 2. Nf3 e6 3. d4 cxd4 4. Nxd4 Nf6 5. Nc3 Bb4 6. e5 Ne4 7. Bd2 Bxc3 8. Bxc3 Nxc3 9. bxc3 Qa5 10. Qd2 Qxe5+ 11. Be2 Nc6 12. 0-0 0-0 13. Rab1 d5 14. Rfe1 Qf6 15. Nb5 Qe7 16. Qf4 e5 17. Qd2 Be6 18. Bf3 Rfd8 19. Rbd1 a6 20. Na3 Qxa3 0-1

[Event "HUN-chT2"]
[Site "Hungary"]
[Date "1996.??.??"]
[Round "?"]
[White "Kovacs, Laszlo M"]
[Black "Cseh, J."]
[Result "1/2-1/2"]
[WhiteElo "2135"]
[BlackElo "2295"]
[PlyCount "61"]
[EventDate "1996.??.??"]
[EventType "team"]
[EventRounds "13"]
[EventCountry "HUN"]
[SourceTitle "EXT 2006"]
[Source "ChessBase"]
[SourceDate "2005.11.24"]
[SourceVersion "1"]
[SourceVersionDate "2005.11.24"]
[SourceQuality "1"]

1. d4 Nf6 2. c4 g6 3. Nc3 Bg7 4. e4 d6 5. f4 0-0 6. Nf3 c5 7. d5 e6 8. Be2 exd5 9. cxd5 b5 10. e5 dxe5 11. fxe5 Ng4 12. Nxb5 Nxe5 13. 0-0 Nbd7 14. Kh1 Nxf3 15. Bxf3 Ba6 16. a4 Qb6 17. Bf4 Bxb5 18. axb5 Qxb5 19. d6 Rad8 20. Rxa7 Qxb2 21. Bd5 Nf6 22. Rb7 Qd4 23. Qxd4 cxd4 24. Bc4 Ne4 25. h4 h6 26. Bd5 g5 27. hxg5 hxg5 28. Bxf7+ Rxf7 29. Rxf7 Kxf7 30. Bxg5+ Ke8 31. Re1 1/2-1/2

[Event "HUN-chT2"]
[Site "Hungary"]
[Date "1996.??.??"]
[Round "?"]
[White "Lugovoi, Aleksei"]
[Black "Cseh, J."]
[Result "1-0"]
[WhiteElo "2470"]
[BlackElo "2295"]
[PlyCount "72"]
[EventDate "1996.??.??"]
[EventType "team"]
[EventRounds "13"]
[EventCountry "HUN"]
[SourceTitle "EXT 2006"]
[Source "ChessBase"]
[SourceDate "2005.11.24"]
[SourceVersion "1"]
[SourceVersionDate "2005.11.24"]
[SourceQuality "1"]

1. d4 g6 2. e4 Bg7 3. Nf3 d6 4. c3 Nf6 5. Bd3 0-0 6. 0-0 c5 7. h3 Nc6 8. d5 Ne5 9. Nxe5 dxe5 10. Re1 e6 11. c4 exd5 12. cxd5 Ne8 13. Be3 b6 14. Nc3 f5 15. f3 Nd6 16. Qd2 Bd7 17. Bf2 f4 18. Qe2 g5 19. Nb5 Bxb5 20. Bxb5 h5 21. Ba6 Rf6 22. b4 cxb4 23. Rac1 Nf7 24. Rc6 Bf8 25. Rec1 Kg7 26. Qb2 Bd6 27. Bc8 Qe7 28. Bf5 Nd8 29. Rc8 Rxc8 30. Rxc8 Nb7 31. h4 Rf8 32. Rc6 gxh4 33. Kh2 Bc5 34. Re6 Qc7 35. Rxe5 Rf6 36. Bxh4 Be7 1-0